Statistics for Guess the Taylor Swift song by Lyric (Red TV)

Click here to take the quiz!

General Stats

  • This quiz has been taken 26 times
  • The average score is 21 of 29

Answer Stats

HintAnswer% Correct
It's miserable and magical, oh, yeah, Tonight's the night when we forget about the deadlines, it's time22
100%
Photo album on the counter, your cheeks were turning red, You used to be a little kid with glasses in a twin-size bedAll Too Well
100%
Remembering him comes in flashbacks and echoes, Tell myself it's time now gotta let go, But moving on from him is impossibleRed
94%
And I was thinkin' on the drive down, "Any time now, He's gonna say it's love," you never called it what it was, 'Til we were dead and gone and buriedAll Too Well (Ten Minute)
81%
And we walked down the block, to my car, And I almost brought him up, But you start to talk about the moviesBegin Again
81%
I guess you didn't care, And I guess I liked that, And when I fell hard, You took a step back, Without meI Knew You Were Trouble
81%
I could see this view a hundred times, Pale blue sky reflected in your eyes, So give me a reason and don't say no, noRun
81%
Two headlights shine through the sleepless night, And I will get you, and get you alone, Your name has echoed through my mindTreacherous
81%
And you would hide away and find your peace of mind, With some indie record that's much cooler than mineWe Are Never Ever Getting Back Together
81%
And the story's got dust on every page, But sometimes I wonder how you think about it now, And I see your face in every crowdHoly Ground
75%
Picked me up late one night out the window, We were seventeen and crazy running wild, wild, Can't remember what song he was playing when we walked inStarlight
75%
We are alone, just you and me, Up in your room and our slates are clean, Just twin fire signs, four blue eyesState Of Grace
75%
Before you, I'd only dated self indulgent takers, Who took all of their problem out on me, But you carry my groceries and now I'm always laughingStay Stay Stay
75%
I break down every time you call, We're a wreck, you're the wrecking ballBabe
69%
Talking down to me like I'd always be around, Push my love away like it was some kind of loaded gun, Oh, you never thought I'd runBetter Man
69%
And all my walls, Stood tall painted blue, But I'll take 'em down, take 'em down, And open up the door for youEverything Has Changed
69%
You understand perfectly, you're the kind of man who makes me sad, While she waits upGirl At Home
69%
It never ever occurred to you, That I can't say "Hello" to you, And risk another goodbyeI Almost Do
69%
Glamorous, shiny, bright Beverly Hills, I was raised on a farm, no, it wasn't a mansion, Just livin' room dancin' and kitchen table billsI Bet You Think About Me
69%
Walked out this morning, I don't believe what I saw, Hundred billion bottles washed up on the shore, Seems I'm not alone at being aloneMessage in a Bottle
69%
And my cheeks are growing tired, From turning red and faking smiles, Are we only biding time 'til I lose your attention?Nothing New
69%
Like we had our own secret club, I remember you dancing before bedtime, Then jumping on me, waking me upRonan
69%
Is taking its sweet time erasing you, And you've got your demons, And darlin' they all look like meSad Beautiful Tragic
69%
This is the last time I'm asking you why, You break my heart in the blink of an eye, eye, eyeThe Last Time
69%
Not tryin' to fall in love, but we did like children runnin', Back then we didn't know we were built to fall apartThe Very First Night
69%
He seems fine most of the time, forcing smiles and neverminds, His laugh is a symphony, when the lights go out, it's hard to breatheForever Winter
63%
Christmas lights glisten, I've got my eye on the door, Just waiting for you to walk in, But the time is tickingThe Moment I Knew
63%
Taxi cabs and busy streets, That never bring you back to me, I can't help but wish you took me with youCome Back. . . Be Here
56%
And your lover in the foyer doesn't even know you, And your secrets end up splashed on the news front pageThe Lucky One
56%

Score Distribution

Percentile by Number Answered

Percent of People with Each Score

Your Score History

You have not taken this quiz